000 00625nam a22002297a 4500
003 UA-OsUOA
001 87603
007 ta
008 20120920b un ||||| |||| 00| 0 ukr d
100 _aВоронько П.
090 _a821.161.2
_bВ75
942 _cBK
040 _aUA-OsUOA
_bukr
_cUA-OsUOA
_dUA-OsUOA
245 _aКоли я в Київ повертаюсь
_bлірика
300 _a155 с.
955 _a3
041 _aukr
080 _a821.161.2
260 _aК.
_bДержвидхудліт
_c1962
650 7 _a82 Література. Літературознавство
_2UDC
999 _c373858
_d373858